| 000 | 00623nam a2200229Ia 4500 | ||
|---|---|---|---|
| 003 | OSt | ||
| 005 | 20230410164233.0 | ||
| 008 | 210423s2016 xx 000 0 und d | ||
| 020 | _a978-1-292-09418-2 | ||
| 040 | _cAL | ||
| 041 | _aeng | ||
| 082 |
_a332 _223 _bMISE |
||
| 100 |
_aMISHKIN (Frederic S) _985723 |
||
| 245 | _aEconomics of money banking and financial markets Ed 11 | ||
| 250 | _a11 | ||
| 260 |
_aEngland _bPearson _c2016 |
||
| 300 |
_a727 _bPB |
||
| 365 |
_b6062.41 _cGBP |
||
| 650 |
_aFinancial Economics _985724 |
||
| 906 | _a11 ; banking ; Economics ; financial ; markets ; money | ||
| 942 |
_2ddc _cBK |
||
| 999 |
_c169608 _d169608 |
||